00700nam a2200193 4500001000700000003000900007005001700016007000300033008004100036100002800077245011200105260003100217300003300248490003000281830003800311852001900349999001900368952011900387108604ES-MaACL20230906184654.0t|061121s1926 fr r ||||1| fre d1 aMontet, Edouard.98261410aHistorie du peuple d'Israel d'prés les origines jusqu'a l'an 70 apres J.C. / cVicomte Edouard de Montet. aParís : bPayot, c1926. a196 p. : b25 il. ; c23 cm.1 aBibliothèque historique0 aBibliothèque historique9180899 aES-MaACLjF-72 c108604d108604 00104070aATENEOMbATENEOMcDEPO2d2008-01-17eSCl0oF-72p1113323r2023-02-23 00:00:00w2023-02-23yMONOGRAFIA